Enterprise government and the public (Record no. 7277)
[ view plain ]
| 000 -LEADER | |
|---|---|
| fixed length control field | 00561 a2200193 4500 |
| 020 ## - INTERNATIONAL STANDARD BOOK NUMBER | |
| International Standard Book Number | 0070680299 |
| 035 ## - SYSTEM CONTROL NUMBER | |
| System control number | 6463961 |
| 040 ## - CATALOGING SOURCE | |
| Original cataloging agency | DLC |
| Language of cataloging | DLC |
| 082 ## - DEWEY DECIMAL CLASSIFICATION NUMBER | |
| Classification number | 338.8 |
| 100 10 - MAIN ENTRY--PERSONAL NAME | |
| Personal name | Walters, Stephen John Kasabuski |
| 245 10 - TITLE STATEMENT | |
| Title | Enterprise government and the public |
| Statement of responsibility, etc. | Stephen J.K. Walters. |
| 260 0# - PUBLICATION, DISTRIBUTION, ETC. | |
| Place of publication, distribution, etc. | New York |
| Name of publisher, distributor, etc. | : McGraw-Hill |
| Date of publication, distribution, etc. | , c1993. |
| 300 ## - PHYSICAL DESCRIPTION | |
| Extent | xxii, 591 p. |
| Other physical details | : ill. |
| Dimensions | ; 25 cm. |
| 650 #0 - SUBJECT ADDED ENTRY--TOPICAL TERM | |
| Topical term or geographic name entry element | Trade regulation. |
| 650 #0 - SUBJECT ADDED ENTRY--TOPICAL TERM | |
| Topical term or geographic name entry element | Competition. |
| 650 #0 - SUBJECT ADDED ENTRY--TOPICAL TERM | |
| Topical term or geographic name entry element | Monopolies |
| General subdivision | Government policy. |
| 650 #0 - SUBJECT ADDED ENTRY--TOPICAL TERM | |
| Topical term or geographic name entry element | Pricing |
| General subdivision | Government policy. |
| 942 ## - ADDED ENTRY ELEMENTS (KOHA) | |
| Koha item type | Book |
| Call number prefix | 338.8 WAL |
| Source of classification or shelving scheme | |
| Withdrawn status | Lost status | Damaged status | Not for loan | Collection code | Permanent Location | Current Location | Shelving location | Date acquired | Source of acquisition | Total Checkouts | Full call number | Barcode | Date last seen | Price effective from | Koha item type |
|---|---|---|---|---|---|---|---|---|---|---|---|---|---|---|---|
| Central Library (CL) | Central Library (CL) | General Stacks | 12/09/2000 | Donation | 338.8 WAL | SEECS000741 | 11/14/2012 | 01/05/2017 | Book |
